<?xml version="1.0" encoding="UTF-8"?>
<record
    xmlns:xsi="http://www.w3.org/2001/XMLSchema-instance"
    xsi:schemaLocation="http://www.loc.gov/MARC21/slim http://www.loc.gov/standards/marcxml/schema/MARC21slim.xsd"
    xmlns="http://www.loc.gov/MARC21/slim">

  <leader>01113    a2200157   4500</leader>
  <controlfield tag="008">150320b        xxu||||| |||| 00| 0 eng d</controlfield>
  <datafield tag="020" ind1=" " ind2=" ">
    <subfield code="a">8448228138</subfield>
  </datafield>
  <datafield tag="082" ind1=" " ind2=" ">
    <subfield code="a">707</subfield>
    <subfield code="b">D 536dIII</subfield>
  </datafield>
  <datafield tag="100" ind1=" " ind2=" ">
    <subfield code="a">Power, K. et all; Subsecretaria de Promocio Cultural (editor)</subfield>
    <subfield code="9">2259</subfield>
  </datafield>
  <datafield tag="245" ind1=" " ind2=" ">
    <subfield code="a">Dialogos Iberoamericanos III Simposio Internacional</subfield>
    <subfield code="b">"Continente de Crisis y promesas. Puzzle no resuelto"</subfield>
  </datafield>
  <datafield tag="260" ind1=" " ind2=" ">
    <subfield code="a">Espa&#xF1;a</subfield>
    <subfield code="b">Mart&#xED;n Impresores S.L.</subfield>
    <subfield code="c">2001</subfield>
  </datafield>
  <datafield tag="300" ind1=" " ind2=" ">
    <subfield code="a">160 p.</subfield>
    <subfield code="c">24 cm.</subfield>
  </datafield>
  <datafield tag="505" ind1=" " ind2=" ">
    <subfield code="t">Presentaciones</subfield>
    <subfield code="t">Relaci&#xF3;n de conferenciantes</subfield>
    <subfield code="t">Continente de Crisis y Promesas, Puzzle no resuelto</subfield>
    <subfield code="t">Los Parpadeos del Aura (Consideraciones sobre ciertos apuros de la critica actual)</subfield>
    <subfield code="r">Ticio Escobar</subfield>
    <subfield code="t">Venezuela en los 90s: contexto o descontexto del arte?</subfield>
    <subfield code="r">Cecilia Fajardo Hill</subfield>
    <subfield code="t">Huella, Excavaci&#xF3;n, Disposici&#xF3;n</subfield>
    <subfield code="r">Justo Pastor Mellado</subfield>
    <subfield code="t">&#xBF;Feminizaci&#xF3;n del arte en Centroamerica?</subfield>
    <subfield code="r">Virginia P&#xE9;rez Ratton</subfield>
    <subfield code="t">Brasil: a&#xF1;os 90: Un perfil del medio artistico</subfield>
    <subfield code="r">Aracy Amaral</subfield>
    <subfield code="t">Memoria e Incisi&#xF3;n en el Arte Uruguayo de los Noventa</subfield>
    <subfield code="r">Gabriel Peluffo Linari</subfield>
    <subfield code="t">Traducci&#xF3;n al portugu&#xE9;s</subfield>
  </datafield>
  <datafield tag="650" ind1=" " ind2=" ">
    <subfield code="x">Simposio</subfield>
    <subfield code="9">2260</subfield>
  </datafield>
  <datafield tag="700" ind1=" " ind2=" ">
    <subfield code="a">Kevin Power et all</subfield>
    <subfield code="9">2258</subfield>
  </datafield>
  <datafield tag="999" ind1=" " ind2=" ">
    <subfield code="c">473</subfield>
    <subfield code="d">473</subfield>
  </datafield>
  <datafield tag="952" ind1=" " ind2=" ">
    <subfield code="0">0</subfield>
    <subfield code="1">0</subfield>
    <subfield code="2">ddc</subfield>
    <subfield code="4">0</subfield>
    <subfield code="7">0</subfield>
    <subfield code="a">LV</subfield>
    <subfield code="b">LV</subfield>
    <subfield code="c">Pensamiento</subfield>
    <subfield code="d">2015-03-20</subfield>
    <subfield code="l">1</subfield>
    <subfield code="o">707 D 536dIII</subfield>
    <subfield code="p">000397</subfield>
    <subfield code="r">2021-03-18 00:00:00</subfield>
    <subfield code="s">2019-03-13</subfield>
    <subfield code="w">2015-03-20</subfield>
    <subfield code="y">01</subfield>
  </datafield>
</record>
